[Event "Gelfand Challenge 2021"]
[Site "chess24.com INT"]
[Date "2021.06.10"]
[Round "2.10"]
[White "Yip, Carissa"]
[Black "Nihal, Sarin"]
[Result "1/2-1/2"]
[WhiteTitle "IM"]
[BlackTitle "GM"]
[WhiteElo "2430"]
[BlackElo "2620"]
[WhiteFideId "2090732"]
[BlackFideId "25092340"]
[EventDate "2021.06.10"]

1. Nf3 d5 2. g3 g6 3. Bg2 Bg7 4. d4 Nf6 5. O-O O-O 6. c4 dxc4 7. Na3 c5 8. Nxc4
Be6 9. Nce5 cxd4 10. Nxd4 Bd5 11. Ndf3 Nc6 12. Nxc6 Bxc6 13. Be3 Ng4 14. Bd4
Bxf3 15. exf3 Bxd4 16. fxg4 Qb6 17. Qf3 Rac8 18. Qxb7 Qxb7 19. Bxb7 Rb8 20. Bd5
Rxb2 21. Rad1 Bb6 22. Bb3 Rd8 23. Rxd8+ Bxd8 24. f4 Bb6+ 25. Kh1 Kg7 26. g5 f6
27. gxf6+ exf6 28. Rd1 h5 29. Rd7+ Kh6 30. h4 Rb1+ 31. Kg2 Rc1 32. Bg8 Rc7 33.
Rxc7 Bxc7 34. Be6 g5 35. hxg5+ fxg5 36. fxg5+ Kxg5 37. Kf3 h4 38. gxh4+ Kxh4 39.
Ke4 Kg5 40. Kd5 Kf6 41. Bd7 Bb6 42. Kc6 Ke7 43. Bg4 Kf6 1/2-1/2

[Event "Gelfand Challenge 2021"]
[Site "chess24.com INT"]
[Date "2021.06.10"]
[Round "3.1"]
[White "Nihal, Sarin"]
[Black "Keymer, Vincent"]
[Result "1-0"]
[WhiteTitle "GM"]
[BlackTitle "GM"]
[WhiteElo "2620"]
[BlackElo "2591"]
[WhiteFideId "25092340"]
[BlackFideId "12940690"]
[EventDate "2021.06.10"]

1. e4 c6 2. d4 d5 3. e5 Bf5 4. g4 Be4 5. f3 Bg6 6. e6 fxe6 7. h4 h5 8. Bd3 Bxd3
9. Qxd3 Qd6 10. Ne2 Nd7 11. Bf4 e5 12. dxe5 Nxe5 13. Qc3 d4 14. Nxd4 Nxf3+ 15.
Qxf3 Qxd4 16. Nc3 e5 17. Bg5 hxg4 18. Qf5 Ne7 19. Qe6 Qd7 20. Qxe5 Qf5 21. Qe3
O-O-O 22. Rf1 Qxc2 23. Rf2 Qg6 24. Qxa7 g3 25. Qa8+ Kc7 26. Nb5+ cxb5 27. Rc1+
Kd7 28. Rd2+ Ke6 29. Qxd8 Kf7 30. Re2 g2 31. Rxg2 Qe4+ 32. Re2 Qb4+ 33. Kf1 Rxh4
34. Rf2+ Kg6 35. Bxh4 Qxh4 36. Qd3+ Kh6 37. Qe3+ g5 38. Kg2 Qg4+ 39. Kh1 Ng6 40.
Rg1 Qh5+ 41. Rh2 Nh4 42. Rxg5 Qxg5 43. Rxh4+ Kg6 44. Qe4+ Kf6 45. Rf4+ Kg7 46.
Rg4 1-0

[Event "Gelfand Challenge 2021"]
[Site "chess24.com INT"]
[Date "2021.06.10"]
[Round "3.2"]
[White "Zhu, Jiner"]
[Black "Yip, Carissa"]
[Result "1-0"]
[WhiteTitle "WGM"]
[BlackTitle "IM"]
[WhiteElo "2462"]
[BlackElo "2430"]
[WhiteFideId "8608059"]
[BlackFideId "2090732"]
[EventDate "2021.06.10"]

1. e4 e5 2. Nf3 Nc6 3. Bb5 a6 4. Ba4 Nf6 5. O-O Be7 6. Re1 b5 7. Bb3 O-O 8. c3
d6 9. h3 Nb8 10. d4 Nbd7 11. Nbd2 Bb7 12. Bc2 Re8 13. Nf1 Bf8 14. Ng3 g6 15. a4
Bg7 16. Bd3 c6 17. Bg5 h6 18. Be3 Qc7 19. Qd2 Kh7 20. b4 Rad8 21. Qa2 Re7 22.
Rad1 Rde8 23. dxe5 dxe5 24. c4 Rd8 25. axb5 axb5 26. cxb5 cxb5 27. Bxb5 Nxe4 28.
Nxe4 Bxe4 29. Bg5 f6 30. Rxe4 hxg5 31. h4 Qb7 32. Qe2 gxh4 33. Rxh4+ Kg8 34.
Bc4+ Kf8 35. Ba2 Rc8 36. Qd3 e4 37. Qb3 Ke8 38. Nd4 f5 39. Qg8+ Bf8 40. Qxg6+ 1-0

[Event "Gelfand Challenge 2021"]
[Site "chess24.com INT"]
[Date "2021.06.10"]
[Round "3.3"]
[White "Mendonca, Leon Luke"]
[Black "Abdusattorov, Nodirbek"]
[Result "0-1"]
[WhiteTitle "GM"]
[BlackTitle "GM"]
[WhiteElo "2549"]
[BlackElo "2634"]
[WhiteFideId "35028561"]
[BlackFideId "14204118"]
[EventDate "2021.06.10"]

1. d4 Nf6 2. c4 c5 3. d5 g6 4. Nc3 Bg7 5. e4 d6 6. Be2 O-O 7. Nf3 e5 8. h3 Nh5
9. g3 Kh8 10. Nd2 Nf6 11. h4 h5 12. Nf3 Nbd7 13. Ng5 Nh7 14. Be3 Ndf6 15. f3 a6
16. a4 Kg8 17. Qd2 Bd7 18. Kf2 Nxg5 19. hxg5 Nh7 20. Kg2 f5 21. exf5 Bxf5 22.
Raf1 Qe7 23. g4 hxg4 24. fxg4 Bd7 25. Ne4 Bxa4 26. Bd3 Rxf1 27. Rxf1 Rf8 28. Rh1
Bd7 29. Kg3 Rf7 30. Qh2 Nf8 31. b3 a5 32. Qd2 b6 33. Qh2 Bc8 34. Be2 Rf4 35.
Bxf4 exf4+ 36. Kf3 Nd7 37. Qh7+ Kf8 38. Bd1 a4 39. bxa4 Ne5+ 40. Kxf4 Nxc4 41.
Qxg6 Qe5+ 42. Kf3 Qxd5 43. Kg3 Qd3+ 44. Kh4 d5 45. Bc2 Qe2 46. Ng3 Qxg4# 0-1

[Event "Gelfand Challenge 2021"]
[Site "chess24.com INT"]
[Date "2021.06.10"]
[Round "3.4"]
[White "Praggnanandhaa, R"]
[Black "Murzin, Volodar"]
[Result "1-0"]
[WhiteTitle "GM"]
[BlackTitle "IM"]
[WhiteElo "2608"]
[BlackElo "2502"]
[WhiteFideId "25059530"]
[BlackFideId "44155573"]
[EventDate "2021.06.10"]

1. d4 Nf6 2. c4 e6 3. Nc3 Bb4 4. e3 O-O 5. Bd2 d5 6. Nf3 c5 7. a3 Bxc3 8. Bxc3
Ne4 9. Rc1 Nxc3 10. Rxc3 cxd4 11. Nxd4 e5 12. Nb3 dxc4 13. Qxd8 Rxd8 14. Bxc4
Nd7 15. Be2 Nf6 16. Bf3 Rb8 17. Na5 e4 18. Be2 Be6 19. Bc4 Nd5 20. Bxd5 Bxd5 21.
Ke2 Kf8 22. Rd1 Ke7 23. Rd4 Ke6 24. Nb3 b6 25. Nd2 f5 26. Rc7 Kf6 27. Nb1 Be6
28. Nc3 Rxd4 29. exd4 Rd8 30. Ke3 Rd7 31. Nb5 Rxc7 32. Nxc7 Bd7 33. Nd5+ Ke6 34.
Nf4+ Kf6 35. h4 g6 36. Nd5+ Ke6 37. Nc3 h6 38. Kf4 Kf6 39. g3 g5+ 40. hxg5+
hxg5+ 41. Ke3 Bc8 42. Nb5 a6 43. Nc3 Bb7 44. Na4 b5 45. Nc5 Bc8 46. b4 Ke7 47.
d5 Kd6 48. Kd4 g4 49. a4 bxa4 50. Nxa4 Bb7 51. Nc3 Ba8 52. b5 a5 53. b6 Bb7 54.
Nb5+ Kd7 55. Na3 a4 56. Ke5 f4 57. Kxe4 fxg3 58. fxg3 Kd6 59. Kd4 Bxd5 60. Nb5+
Kc6 61. b7 Kxb7 62. Kxd5 Kb6 63. Na3 Ka5 64. Kc5 Ka6 65. Nc4 Kb7 66. Kb4 Kc7 67.
Ne5 Kd6 68. Nxg4 Kd5 1-0

[Event "Gelfand Challenge 2021"]
[Site "chess24.com INT"]
[Date "2021.06.10"]
[Round "3.5"]
[White "Bjerre, Jonas Buhl"]
[Black "Khademalsharieh, Sarasadat"]
[Result "1-0"]
[WhiteTitle "GM"]
[BlackTitle "IM"]
[WhiteElo "2542"]
[BlackElo "2494"]
[WhiteFideId "1444948"]
[BlackFideId "12512214"]
[EventDate "2021.06.10"]

1. e4 e5 2. Nf3 Nc6 3. Bb5 a6 4. Ba4 Nf6 5. d3 b5 6. Bb3 Bc5 7. Bg5 h6 8. Bh4 g5
9. Bg3 d6 10. c3 Bb6 11. a4 Bd7 12. Nbd2 Ne7 13. d4 exd4 14. cxd4 g4 15. e5 gxf3
16. Qxf3 Nf5 17. exf6 Nxd4 18. Qe4+ Kf8 19. O-O Rb8 20. a5 Bc5 21. Qh4 Nf5 22.
Qh5 Qxf6 23. Ne4 Qg7 24. Nxc5 dxc5 25. Bxc7 Rc8 26. Be5 f6 27. Bc2 Qf7 28. Qxf7+
Kxf7 29. Bf4 Nd4 30. Bd1 h5 31. Rc1 c4 32. Rc3 Bg4 33. f3 Bf5 34. Re3 Rhe8 35.
g4 Bc2 36. Kf2 hxg4 37. fxg4 Bxd1 38. Rxd1 Ne6 39. Rd7+ Kg6 40. Bg3 Nc5 41. Ra7
Rxe3 42. Kxe3 Re8+ 43. Kd4 Nb3+ 44. Kc3 Re6 45. Bc7 Re3+ 46. Kb4 Nd4 47. Rxa6
Rb3+ 48. Kc5 Ne2 49. Be5 Kg5 50. Bxf6+ Kxg4 51. Rb6 c3 52. Bxc3 Nxc3 53. bxc3
Rxc3+ 54. Kxb5 Rb3+ 55. Kc6 Ra3 56. a6 Kh3 57. Kb7 1-0

[Event "Gelfand Challenge 2021"]
[Site "chess24.com INT"]
[Date "2021.06.10"]
[Round "3.6"]
[White "Lei, Tingjie"]
[Black "Liang, Awonder"]
[Result "0-1"]
[WhiteTitle "GM"]
[BlackTitle "GM"]
[WhiteElo "2505"]
[BlackElo "2592"]
[WhiteFideId "8605114"]
[BlackFideId "2056437"]
[EventDate "2021.06.10"]

1. e4 d5 2. exd5 Qxd5 3. Nc3 Qd8 4. d4 Nf6 5. Nf3 g6 6. g3 Bg7 7. Bg2 O-O 8. O-O
Nbd7 9. Qe2 Nb6 10. Rd1 c6 11. Ne5 Be6 12. Bg5 Nbd5 13. Nxd5 Bxd5 14. c3 h6 15.
Bf4 a5 16. Re1 Bxg2 17. Kxg2 a4 18. a3 Qd5+ 19. Kg1 Rfe8 20. Rad1 Qe6 21. Qc2
Qh3 22. Nc4 h5 23. f3 Nd5 24. Bg5 h4 25. Bxh4 Bh6 26. Ne5 Ne3 27. Rxe3 Bxe3+ 28.
Kh1 g5 29. Nxf7 Kxf7 30. Qh7+ Ke6 31. d5+ cxd5 32. Qg6+ Kd7 33. Bxg5 Bxg5 34.
Qxg5 e6 35. c4 Rg8 36. Qf4 Raf8 37. Qe5 Qf5 0-1

[Event "Gelfand Challenge 2021"]
[Site "chess24.com INT"]
[Date "2021.06.10"]
[Round "3.7"]
[White "Abdumalik, Zhansaya"]
[Black "Salimova, Nurgyul"]
[Result "1-0"]
[WhiteTitle "IM"]
[BlackTitle "IM"]
[WhiteElo "2472"]
[BlackElo "2395"]
[WhiteFideId "13703544"]
[BlackFideId "2915138"]
[EventDate "2021.06.10"]

1. e4 c6 2. d4 d5 3. Nd2 dxe4 4. Nxe4 Nf6 5. Ng3 h5 6. h3 e5 7. dxe5 Qa5+ 8. c3
Qxe5+ 9. Qe2 Qxe2+ 10. Bxe2 Be6 11. Nf3 Nbd7 12. Ng5 Bd5 13. O-O h4 14. Nf5 g6
15. Ne3 Bh6 16. Nxd5 Nxd5 17. Bg4 N7f6 18. Re1+ Kf8 19. Bf3 Re8 20. Bd2 Kg7 21.
c4 Nb6 22. b3 Nbd7 23. g3 hxg3 24. fxg3 Rxe1+ 25. Rxe1 Re8 26. Rxe8 Nxe8 27.
Bc3+ Kf8 28. Ne4 f5 29. Nf2 Bg7 30. Bb4+ Kf7 31. Kg2 Nc7 32. Nd3 Ne6 33. h4 Bf6
34. Bd2 Nd4 35. Bd1 Ne6 36. a4 Ndc5 37. Nxc5 Nxc5 38. Be3 Be7 39. a5 b6 40. b4
Nd3 41. b5 cxb5 42. cxb5 Nc5 43. a6 Ke6 44. Bf3 Bd6 45. Bd4 Bc7 46. Kh3 Nb3 47.
Be3 Nc5 48. g4 fxg4+ 49. Kxg4 Nd7 50. Kh3 Nf6 51. Bc6 Nh5 52. Kg4 Kf7 53. Bd5+
Kg7 54. Bd4+ Kh6 55. Kf3 g5 56. Be3 Nf4 57. Be4 Kh5 58. hxg5 Kxg5 59. Bh7 Bb8
60. Ke4 Kg4 61. Bxf4 Bxf4 62. Kd5 Kg5 63. Kc6 Kf6 64. Kb7 Ke7 65. Kxa7 Kd8 66.
Kb7 1-0

[Event "Gelfand Challenge 2021"]
[Site "chess24.com INT"]
[Date "2021.06.10"]
[Round "3.8"]
[White "Shuvalova, Polina"]
[Black "Badelka, Olga"]
[Result "1-0"]
[WhiteTitle "IM"]
[BlackTitle "IM"]
[WhiteElo "2489"]
[BlackElo "2418"]
[WhiteFideId "24171760"]
[BlackFideId "13509926"]
[EventDate "2021.06.10"]

1. e4 c5 2. Nf3 d6 3. d4 cxd4 4. Nxd4 Nf6 5. Nc3 Nc6 6. Bc4 Qb6 7. Nb3 e6 8. Be3
Qc7 9. O-O a6 10. Bd3 b5 11. Kh1 Be7 12. f4 Bb7 13. a3 Rd8 14. Qf3 d5 15. exd5
exd5 16. Nd4 O-O 17. Nce2 Ne4 18. Nxc6 Bxc6 19. Nd4 Bf6 20. Rad1 Rfe8 21. c3 Bb7
22. Bg1 Bc8 23. Rfe1 h5 24. f5 h4 25. Be3 Bb7 26. Bf4 Be5 27. Rf1 Qe7 28. Bxe5
Qxe5 29. Qg4 Qf6 30. Rf4 Nc5 31. Bc2 Ne4 32. Kg1 a5 33. Qxh4 Qb6 34. f6 Nxf6 35.
Rdf1 Bc8 36. Rxf6 gxf6 37. Qh6 Re4 38. Rf3 Bg4 39. Rg3 Rde8 40. Rxg4+ Rxg4 41.
Bh7+ 1-0

[Event "Gelfand Challenge 2021"]
[Site "chess24.com INT"]
[Date "2021.06.10"]
[Round "3.9"]
[White "Mammadzada, Gunay"]
[Black "Gukesh, D"]
[Result "1/2-1/2"]
[WhiteTitle "IM"]
[BlackTitle "GM"]
[WhiteElo "2443"]
[BlackElo "2578"]
[WhiteFideId "13403729"]
[BlackFideId "46616543"]
[EventDate "2021.06.10"]

1. e4 c5 2. Nf3 d6 3. d4 cxd4 4. Nxd4 Nf6 5. Nc3 a6 6. h3 e6 7. g4 Be7 8. g5
Nfd7 9. Be3 b5 10. a3 Bb7 11. h4 Nc6 12. f4 Qc7 13. f5 Nxd4 14. Qxd4 Ne5 15.
O-O-O exf5 16. Nd5 Bxd5 17. Qxd5 Rc8 18. Rd2 fxe4 19. Qxe4 O-O 20. Bf4 Rfe8 21.
Bxe5 dxe5 22. Bd3 g6 23. Rf2 Rcd8 24. Kb1 Rd4 25. Qf3 Rf4 26. Qe2 Rxf2 27. Qxf2
Bc5 28. Qf3 b4 29. a4 b3 30. cxb3 Bd4 31. Qe4 Rb8 32. Bc4 Qb7 33. Bd5 Qb4 34.
Qf3 Rf8 35. Rf1 e4 36. Qxe4 Qd2 37. Qc2 Qxc2+ 38. Kxc2 a5 39. Bc4 Bc5 40. Kd3
Kg7 41. Ke4 Re8+ 42. Kd5 Bb4 43. Kc6 Re7 44. Kb6 Rd7 45. Rf3 Re7 46. Rf1 Kf8 47.
Kb5 Rc7 48. Rf3 Ke8 49. Re3+ Re7 50. Rf3 Re5+ 51. Kb6 Re7 52. Bb5+ Kf8 53. Bc4
Kg7 54. Rf1 1/2-1/2

[Event "Gelfand Challenge 2021"]
[Site "chess24.com INT"]
[Date "2021.06.10"]
[Round "3.10"]
[White "Saduakassova, Dinara"]
[Black "Yoo, Christopher Woojin"]
[Result "1/2-1/2"]
[WhiteTitle "IM"]
[BlackTitle "IM"]
[WhiteElo "2500"]
[BlackElo "2457"]
[WhiteFideId "13700090"]
[BlackFideId "30909694"]
[EventDate "2021.06.10"]

1. d4 Nf6 2. Nf3 d5 3. c4 e6 4. g3 Be7 5. Bg2 O-O 6. O-O dxc4 7. Qc2 b5 8. a4 b4
9. Nfd2 Nd5 10. Nxc4 c5 11. dxc5 Ba6 12. Ne3 Nd7 13. Nxd5 exd5 14. Nd2 Nxc5 15.
Nf3 Rc8 16. Be3 b3 17. Qd1 Bf6 18. Bd4 Re8 19. Re1 Bc4 20. Bf1 Ne6 21. e3 Bxf1
22. Rxf1 Rc2 23. Qd3 Bxd4 24. Nxd4 Nxd4 25. Qxd4 a5 26. Rad1 Qd7 27. Qxd5 Qxa4
28. Ra1 Qb4 29. Rxa5 Rxb2 30. Ra7 Rf8 31. Rb7 Qc3 32. Rd1 Qc2 33. Qf3 Rb1 34.
Rxb1 Qxb1+ 35. Kg2 b2 36. Qd5 h5 37. Qd4 h4 38. Rxb2 h3+ 39. Kxh3 Qf1+ 40. Kg4
Re8 41. f4 Re6 42. f5 Rh6 43. h4 Kh7 44. e4 g6 45. Rf2 gxf5+ 46. exf5 Qe1 47.
Qf4 Rb6 48. Kh3 Rb1 49. Qf3 Kg8 50. Qg4+ Kf8 51. Qf3 Qe5 52. f6 Qe6+ 53. Kg2 Rb8
54. Qf4 Qd5+ 55. Kh2 Rb1 56. Qh6+ Ke8 57. Qe3+ Kf8 58. Rg2 Rf1 59. Qh6+ Ke8 60.
Qe3+ Kf8 61. Qc3 Kg8 62. Qd2 Qxd2 63. Rxd2 Rxf6 64. Kh3 Kg7 65. h5 Ra6 66. Kh4
Ra4+ 67. g4 f5 68. Rg2 Rxg4+ 69. Rxg4+ fxg4 70. Kxg4 Kh7 71. Kg5 Kg7 72. h6+ Kh7
73. Kh5 Kh8 74. Kg6 Kg8 75. h7+ Kh8 76. Kh6 1/2-1/2

[Event "Gelfand Challenge 2021"]
[Site "chess24.com INT"]
[Date "2021.06.10"]
[Round "4.1"]
[White "Keymer, Vincent"]
[Black "Yoo, Christopher Woojin"]
[Result "1/2-1/2"]
[WhiteTitle "GM"]
[BlackTitle "IM"]
[WhiteElo "2591"]
[BlackElo "2457"]
[WhiteFideId "12940690"]
[BlackFideId "30909694"]
[EventDate "2021.06.10"]

1. d4 Nf6 2. c4 e6 3. Nf3 d5 4. Nc3 h6 5. cxd5 exd5 6. Bf4 Bd6 7. Bg3 O-O 8. e3
c6 9. Bd3 Bg4 10. Qc2 Bxg3 11. hxg3 Bxf3 12. gxf3 c5 13. dxc5 Nbd7 14. O-O-O
Nxc5 15. g4 Nxd3+ 16. Rxd3 Rc8 17. Kb1 Qa5 18. g5 hxg5 19. Rxd5 Rc5 20. Rd4 Qc7
21. f4 g6 22. fxg5 Rxg5 23. Rdh4 Rh5 24. Qa4 Qc5 25. Rxh5 Nxh5 26. Qd7 Kg7 27.
a3 Nf6 28. Qxb7 Qf5+ 29. Ka1 Qxf2 30. Qxa7 Re8 31. a4 Rxe3 32. Rd1 Qf3 33. Qd4
g5 34. Rg1 Kg6 35. a5 g4 36. a6 Re6 37. a7 Ra6+ 38. Kb1 Qf5+ 39. Kc1 Qg5+ 40.
Kc2 Qf5+ 41. Kd2 Qg5+ 42. Kc2 Qf5+ 43. Kd2 Qg5+ 44. Kd1 Qf5 45. Kd2 1/2-1/2

[Event "Gelfand Challenge 2021"]
[Site "chess24.com INT"]
[Date "2021.06.10"]
[Round "4.2"]
[White "Gukesh, D"]
[Black "Saduakassova, Dinara"]
[Result "1/2-1/2"]
[WhiteTitle "GM"]
[BlackTitle "IM"]
[WhiteElo "2578"]
[BlackElo "2500"]
[WhiteFideId "46616543"]
[BlackFideId "13700090"]
[EventDate "2021.06.10"]

1. d4 Nf6 2. Nf3 e6 3. c4 b6 4. a3 Bb7 5. Nc3 d5 6. cxd5 Nxd5 7. Qc2 c5 8. e4
Nxc3 9. bxc3 Be7 10. Bb5+ Bc6 11. Bd3 O-O 12. O-O cxd4 13. cxd4 Qe8 14. d5 Ba4
15. Qb1 exd5 16. exd5 h6 17. Bf4 Nd7 18. d6 Bf6 19. Re1 Qd8 20. Ra2 Nc5 21. Bc4
Bd7 22. h3 Be6 23. Bxe6 Nxe6 24. Bg3 Rc8 25. Qb5 Rc5 26. Qa4 Ra5 27. Qb3 Qd7 28.
Rc2 Rc5 29. Rce2 Rfc8 30. Be5 Qb5 31. Qxb5 Rxb5 32. Bxf6 gxf6 33. d7 Rd8 34. Nd4
Re5 35. Rxe5 fxe5 36. Nf5 Rxd7 37. Nxh6+ Kg7 38. Nf5+ Kf6 39. Ne3 Rd3 40. Ng4+
Kg7 41. a4 Ra3 42. Re4 f6 43. Ne3 Kf7 44. Nc4 Ra1+ 45. Kh2 Nc5 46. Re3 Rxa4 47.
Nd6+ Ke6 48. Nb5 Ra2 49. Kg1 a5 50. h4 Rd2 51. h5 Rd7 52. g4 a4 53. Kh2 Nd3 54.
Kg3 Nf4 55. f3 Rd3 56. Re4 a3 57. Ra4 Ne2+ 58. Kf2 Nc3 59. Nxc3 Rxc3 60. Ra7 b5
61. h6 b4 62. h7 Rc8 63. Ra4 Rh8 64. Rxb4 Rxh7 65. Ra4 Rh2+ 66. Ke3 a2 67. Ke4
Re2+ 68. Kd3 Rb2 69. Ke3 Kf7 70. Ra8 Kg6 71. Rg8+ Kh6 72. Ra8 Kg5 73. Ke4 Re2+
74. Kd3 Rb2 75. Ke4 Kg6 76. Ra7 Kg5 77. Ra8 1/2-1/2

[Event "Gelfand Challenge 2021"]
[Site "chess24.com INT"]
[Date "2021.06.10"]
[Round "4.3"]
[White "Badelka, Olga"]
[Black "Mammadzada, Gunay"]
[Result "0-1"]
[WhiteTitle "IM"]
[BlackTitle "IM"]
[WhiteElo "2418"]
[BlackElo "2443"]
[WhiteFideId "13509926"]
[BlackFideId "13403729"]
[EventDate "2021.06.10"]

1. Nf3 d5 2. g3 c6 3. Bg2 Bg4 4. c4 Nf6 5. Ne5 Be6 6. cxd5 Bxd5 7. f3 Nbd7 8. d4
Nxe5 9. dxe5 Nd7 10. e4 Bc4 11. Qd4 Ba6 12. Nc3 e6 13. Bf4 g5 14. Be3 Bc5 15.
Qd2 Bxe3 16. Qxe3 Nxe5 17. Bf1 Bxf1 0-1

[Event "Gelfand Challenge 2021"]
[Site "chess24.com INT"]
[Date "2021.06.10"]
[Round "4.4"]
[White "Salimova, Nurgyul"]
[Black "Shuvalova, Polina"]
[Result "1-0"]
[WhiteTitle "IM"]
[BlackTitle "IM"]
[WhiteElo "2395"]
[BlackElo "2489"]
[WhiteFideId "2915138"]
[BlackFideId "24171760"]
[EventDate "2021.06.10"]

1. d4 Nf6 2. c4 e6 3. Nf3 d5 4. g3 Bb4+ 5. Bd2 Be7 6. Bg2 Nbd7 7. O-O c6 8. Nc3
dxc4 9. e4 b5 10. d5 cxd5 11. exd5 exd5 12. Nd4 Bb7 13. Ncxb5 O-O 14. Nf5 Bc5
15. Bc3 Qb6 16. Nbd4 Rae8 17. b4 cxb3 18. Nxb3 Bb4 19. Bd4 Qe6 20. Bh3 Kh8 21.
a3 Bd6 22. Re1 Qxe1+ 23. Qxe1 Rxe1+ 24. Rxe1 Bxa3 25. Ra1 Bb4 26. Rxa7 Bc6 27.
Nxg7 Kxg7 28. Bxd7 Bxd7 29. Rxd7 Kg6 30. Bxf6 Kxf6 31. Rxd5 Re8 32. Nd4 Bc3 33.
Nc2 Kg6 34. Ne3 Bf6 35. h4 Re6 36. Kg2 Be5 37. f4 Bxf4 38. h5+ Kh6 39. Ng4+ Kg7
40. gxf4 1-0

[Event "Gelfand Challenge 2021"]
[Site "chess24.com INT"]
[Date "2021.06.10"]
[Round "4.5"]
[White "Liang, Awonder"]
[Black "Abdumalik, Zhansaya"]
[Result "1-0"]
[WhiteTitle "GM"]
[BlackTitle "IM"]
[WhiteElo "2592"]
[BlackElo "2472"]
[WhiteFideId "2056437"]
[BlackFideId "13703544"]
[EventDate "2021.06.10"]

1. Nf3 Nf6 2. c4 c5 3. Nc3 d5 4. cxd5 Nxd5 5. e4 Nb4 6. Bc4 Nd3+ 7. Ke2 Nf4+ 8.
Kf1 Nd3 9. h4 e6 10. Rh3 Nf4 11. Rg3 Nh5 12. Rg5 g6 13. Ne5 Bg7 14. d3 h6 15.
Rxh5 gxh5 16. Qxh5 Qf6 17. Bb5+ Kf8 18. Nf3 Qe7 19. a4 a6 20. Bc4 Nc6 21. e5 Rb8
22. Ne4 b5 23. axb5 axb5 24. Be3 Kg8 25. Bb3 c4 26. dxc4 bxc4 27. Bxc4 Qb4 28.
b3 Rh7 29. Kg1 Na5 30. Bc5 Qb7 31. Nd6 Qc7 32. Rxa5 Bf8 33. b4 Qc6 34. Bd3 Rg7
35. Be4 Qc7 36. Ra7 Qd8 37. Rxf7 Ba6 38. Ng5 1-0

[Event "Gelfand Challenge 2021"]
[Site "chess24.com INT"]
[Date "2021.06.10"]
[Round "4.6"]
[White "Khademalsharieh, Sarasadat"]
[Black "Lei, Tingjie"]
[Result "1/2-1/2"]
[WhiteTitle "IM"]
[BlackTitle "GM"]
[WhiteElo "2494"]
[BlackElo "2505"]
[WhiteFideId "12512214"]
[BlackFideId "8605114"]
[EventDate "2021.06.10"]

1. d4 Nf6 2. Nf3 d5 3. c4 e6 4. Nc3 Bb4 5. Bg5 h6 6. Bxf6 Qxf6 7. cxd5 exd5 8.
Qb3 c5 9. a3 Bxc3+ 10. Qxc3 c4 11. e3 Be6 12. b3 O-O 13. Ne5 Rc8 14. Be2 Nd7 15.
O-O cxb3 16. Qxb3 Nxe5 17. dxe5 Qxe5 18. Qxb7 d4 19. Qb2 Rc3 20. exd4 Qxd4 21.
Rfd1 Qc5 22. Rac1 Rc8 23. Rd8+ Rxd8 24. Qxc3 Qg5 25. Rd1 Rc8 26. Qd4 a5 27. h4
Qe7 28. a4 Bb3 29. Rd2 Rc1+ 30. Kh2 Qc7+ 31. Qd6 Qxd6+ 32. Rxd6 Bxa4 33. Rd5 Kf8
34. Rxa5 Bd7 35. Bf3 Rc2 36. Kg3 Rc3 37. Ra7 Ke7 38. Kh2 1/2-1/2

[Event "Gelfand Challenge 2021"]
[Site "chess24.com INT"]
[Date "2021.06.10"]
[Round "4.7"]
[White "Murzin, Volodar"]
[Black "Bjerre, Jonas Buhl"]
[Result "1-0"]
[WhiteTitle "IM"]
[BlackTitle "GM"]
[WhiteElo "2502"]
[BlackElo "2542"]
[WhiteFideId "44155573"]
[BlackFideId "1444948"]
[EventDate "2021.06.10"]

1. e4 c5 2. Nf3 d6 3. d4 cxd4 4. Qxd4 Nc6 5. Qe3 Nf6 6. Be2 g6 7. O-O Bg7 8. Rd1
O-O 9. Nc3 Ng4 10. Qf4 Nge5 11. Nxe5 Nxe5 12. Qh4 a6 13. Nd5 Nc6 14. Bg5 Re8 15.
c3 Be6 16. Rd2 Rc8 17. Nf4 Ne5 18. Nxe6 fxe6 19. Qh3 Qd7 20. f4 Nf7 21. Bg4 Nd8
22. f5 exf5 23. exf5 h5 24. Bf3 Qxf5 25. Qxf5 gxf5 26. Rf1 Nf7 27. Be3 Bh6 28.
Bxh6 Nxh6 29. Bxb7 Rc7 30. Bf3 h4 31. Re2 Rb8 32. Bd5+ Kg7 33. Rf4 e5 34. Rxh4
Ng4 35. h3 Nf6 36. Be6 f4 37. Bf5 Rcb7 38. b3 Nd5 39. c4 Nf6 40. g3 f3 41. Rf2
a5 42. g4 a4 43. g5 Ng8 44. Rxf3 Ne7 45. Be4 axb3 46. Rh7+ Kg8 47. axb3 Ra7 48.
g6 Ra1+ 49. Kh2 Re1 50. g7 Rc8 51. Rg3 Re2+ 52. Kg1 1-0

[Event "Gelfand Challenge 2021"]
[Site "chess24.com INT"]
[Date "2021.06.10"]
[Round "4.8"]
[White "Abdusattorov, Nodirbek"]
[Black "Praggnanandhaa, R"]
[Result "1-0"]
[WhiteTitle "GM"]
[BlackTitle "GM"]
[WhiteElo "2634"]
[BlackElo "2608"]
[WhiteFideId "14204118"]
[BlackFideId "25059530"]
[EventDate "2021.06.10"]

1. d4 Nf6 2. c4 e6 3. Nc3 Bb4 4. g3 O-O 5. Bg2 Bxc3+ 6. bxc3 d6 7. Nf3 Nc6 8.
Qd3 e5 9. Nd2 Qe7 10. O-O Re8 11. e4 b6 12. Re1 Ba6 13. Ba3 Nd7 14. f4 Qf6 15.
Bh3 Bc8 16. Bxd7 Bxd7 17. fxe5 dxe5 18. d5 Na5 19. Nb3 Nb7 20. c5 bxc5 21. Nxc5
Nxc5 22. Bxc5 Qg6 23. Rf1 h5 24. c4 Bh3 25. Rf2 a5 26. Ba3 Rad8 27. Re1 h4 28.
c5 hxg3 29. Qxg3 Qxg3+ 30. hxg3 f5 31. Rd2 fxe4 32. Rxe4 Bf5 33. Re1 e4 34. Kf2
Re5 35. d6 cxd6 36. cxd6 Bd7 37. Ke3 Rde8 38. Rd4 Rg5 39. Rg1 Rg4 40. Bb2 Re6
41. Rd5 a4 42. Be5 Rg5 43. Kd4 Re8 44. Re1 Be6 45. Rc5 Rd8 46. a3 Bf5 47. Bf4
Rh5 48. Rxe4 Bxe4 49. Rxh5 Bg6 50. Ra5 Kf7 51. Ra7+ Kf6 52. Be5+ Kf5 53. Rxg7
Bh5 54. Bf4 Bd1 55. Kc5 Bf3 56. Re7 Kf6 57. Be5+ Kf5 58. d7 Rxd7 59. Rxd7 Kxe5
60. Rd4 1-0

[Event "Gelfand Challenge 2021"]
[Site "chess24.com INT"]
[Date "2021.06.10"]
[Round "4.9"]
[White "Yip, Carissa"]
[Black "Mendonca, Leon Luke"]
[Result "0-1"]
[WhiteTitle "IM"]
[BlackTitle "GM"]
[WhiteElo "2430"]
[BlackElo "2549"]
[WhiteFideId "2090732"]
[BlackFideId "35028561"]
[EventDate "2021.06.10"]

1. Nf3 Nf6 2. g3 d5 3. Bg2 e6 4. O-O Be7 5. c4 O-O 6. d4 dxc4 7. Qc2 a6 8. a4
Bd7 9. Rd1 Bc6 10. Bg5 Nbd7 11. Qxc4 h6 12. Bxf6 Nxf6 13. Nc3 a5 14. Ne5 Bxg2
15. Kxg2 c6 16. e4 Qb6 17. Qe2 Rfd8 18. Nc4 Qc7 19. e5 Nd5 20. Ne4 Nb6 21. Ne3
Rd7 22. Qg4 Kh8 23. Qh5 Bf8 24. f4 Rad8 25. Ng5 Kg8 26. Nf3 c5 27. Rac1 Qc6 28.
f5 exf5 29. Nxf5 Qe6 30. Qg4 cxd4 31. N3xd4 Qxe5 32. Nxh6+ Kh7 33. Nhf5 g6 34.
Re1 Qf6 35. Rf1 gxf5 36. Nxf5 Qg6 37. Qh4+ Kg8 38. Rf4 Rd2+ 39. Kh3 R8d5 40. Rg4
Rxf5 41. Rxg6+ fxg6 42. Qe4 Rh5+ 43. Kg4 Rd6 44. Rc7 Nd5 45. Qc4 Rf5 46. Rxb7
Kh8 47. Qe2 Bg7 48. Qe8+ Kh7 49. Rb8 Nf6+ 0-1